| 000 | 00000nam##2200000za#4500 |
| 001 | 9.557705 |
| 003 | CaOODSP |
| 005 | 20210624172025 |
| 007 | cr ||||||||||| |
| 008 | 150406|1992||||xxc|||||o f|0| 0 eng|d |
| 040 | |aCaOODSP|beng |
| 043 | |an-cn--- |
| 086 | 1 |aNH18-22/92-201E-IN |
| 110 | 2 |aCanada Mortgage and Housing Corporation. |
| 245 | 10|aStudy of houses affected by hazardous lands |h[electronic resource] |
| 260 | |aOttawa - Ontario : |bCanada Mortgage and Housing Corporation |
| 300 | |a2p. (210 KB) |
| 490 | 1 |aResearch and development highlights; technical series |v92-201 |
| 590 | |a01-12|b2001-03-23 |
| 690 | 07|aHousing|2gcpds |
| 690 | 07|aContamination|2gcpds |
| 690 | 07|aSoil|2gcpds |
| 690 | 07|aAir quality|2gcpds |
| 775 | 08|tÉtude des maisons touchées par des terrains à risque / |w(CaOODSP)9.607617 |
| 830 | #0|aResearch and development highlights; technical series ;|v92-201|w(CaOODSP)9.504481 |
| 856 | 40|ahttp://publications.gc.ca|qPDF|s210 KB|uhttps://publications.gc.ca/collections/Collection/NH18-22-92-201E.pdf|y92-201 |